• 首页
  • 本馆介绍
  • 公告通知
  • 最新文献
  • 馆藏检索
  • 电子资源
  • 读者导购
  • 参考咨询
  • 我的图书馆
  • 登录
  • 详细信息显示
  • 放入我的书架
  • 预约/预借图书
  • 作者相关作品
  • 分类相关作品
  • 丛书相关作品
  • 出版社相关作品

书目信息

  • 表格格式
  • 工作单格式
  • 卡片格式
题名:
社会认识论
    
 
作者: 欧阳康 著
分册:  
出版信息: 昆明   云南人民出版社  2002
页数: 10,415页
开本: 21cm
丛书名: 哲学理论创新丛书
单 册:
中图分类: C91-02
科图分类:
主题词: 社会学--认识论--研究 , 社会学 , 认识论
电子资源:
ISBN: 7-222-03115-4
000 01048oam2 2200289 450
001 1234506728
005 20121004093546.42
010    @a7-222-03115-4@dCNY29.00
100    @a20020305d2002 emky0chiy0110 ea
101 0  @achi
102    @aCN@b530000
105    @ay z 000yy
200 1  @a社会认识论@Ashe hui ren shi lun@e人类社会自我认识之谜的哲学探索@f欧阳康著
210    @a昆明@c云南人民出版社@d2002
215    @a10,415页@d21cm
225 2  @a哲学理论创新丛书
330    @a本书共分七章,主要从社会认识论的研究构架、社会认识论的方法论、人文社会科学哲学等方面进行了探讨。
461  0 @12001 @a哲学理论创新丛书
510 1  @aSocial Epistemology@eA Philosophical Study to the Riddle of Self-cognition of Human Society@zeng
517 1  @a人类社会自我认识之谜的哲学探索@Aren lei she hui zi wo ren shi zhi mi de zhe xue tan suo
606 0  @a社会学@x认识论@x研究
606 0  @a社会学
606 0  @a认识论
690    @aC91-02@v4
701  0 @a欧阳康@Aou yang kang@f(1953.6~)@4著
801  0 @aCN@bNLC@c20101222
905    @a10447@dC91-02@eJY412
    
    社会认识论:人类社会自我认识之谜的哲学探索/欧阳康著.-昆明:云南人民出版社,2002
    10,415页;21cm.-(哲学理论创新丛书)
    
    
    ISBN 7-222-03115-4:CNY29.00
    本书共分七章,主要从社会认识论的研究构架、社会认识论的方法论、人文社会科学哲学等方面进行了探讨。
●
相关链接 在E读中查询图书 在五车中查询图书 在当当中查询图书 在豆瓣中查询图书


正题名:社会认识论     索取号:C91-02/JY412         预约/预借

序号 登录号 条形码 馆藏地/架位号 状态 备注
1 7811123   278111231   学院路分馆/ [索取号:C91-02/JY412] 在馆    
2 7811124   278111240   学院路分馆/ [索取号:C91-02/JY412] 在馆    
3 7811125   278111259   学院路分馆/ [索取号:C91-02/JY412] 在馆    
唐山师范学院图书馆 欢迎您!
大连网信软件有限公司© 版权所有